000 00813nam a2200253Ia 4500
003 OSt
005 20220923225200.0
006 a|||||r|||| 00| 0
007 ta
008 220922b |||||||| |||| 00| 0 hin d
024 _a259,464
037 _cTextual
040 _aARTS
_cARTS
_bhin
041 _2hin
_ahin
082 _aO152,1xN, M4
100 _aवंशी, बलदेव, संपा.
_9156315
245 0 _aबच्चे की वापसी
246 _aBachche kī vāpasī
260 _aदिल्ली
_b जनप्रिय प्रकाशन
_c1984
300 _a157पृ.
_ccm.
650 _aहिन्दी साहित्य
_9156264
942 _hO152,1xN, M4
_cTEXL
_2CC
999 _c376564
_d376564